00000000cam 2200000zi 4500
0019.962673
003CaOODSP
00520260629144614
006m     o  d f      
007cr mn|||||||||
008260508t20262026mbcab   ob   f000 0 fre d
020 |a9780660999067
040 |aCaOODSP|bfre|erda|cCaOODSP
043 |an-cn-qu
045 |ax8y2
0861 |aEn78-6/2026F-PDF
1001 |aLesage, V., |d1968- |eauteur.
24513|aLe béluga de l'estuaire du Saint-Laurent.
250 |a[Édition 2026].
264 1|aWinnipeg, Manitoba : |bAgence de l'eau du Canada, |c[2026]
264 4|c©2026
300 |a1 ressource en ligne (13 pages non numérotées) : |billustrations, carte en couleur
336 |atexte|btxt|2rdacontent/fre
337 |ainformatique|bc|2rdamedia/fre
338 |aressource en ligne|bcr|2rdacarrier/fre
500 |aPublié aussi en anglais sous le titre : St. Lawrence Estuary beluga whale.
500 |aEn tête du titre : Suivi de l'état du Saint-Laurent.
500 |a« Plan d'action Saint Laurent 2021-2026. »
500 |a« Rédaction, Véronique Lesage … » -- Page [13].
504 |aComprend des références bibliographiques (pages [9]-[12]).
650 6|aBéluga|zQuébec (Province)|zSaint-Laurent, Estuaire du.
650 6|aBaleines|xPopulations|zQuébec (Province)|zSaint-Laurent, Estuaire du.
650 6|aIndicateurs écologiques|zQuébec (Province)|zSaint-Laurent, Estuaire du.
7102 |aAgence de l'eau du Canada, |eorganisme de publication.
77508|tSt. Lawrence Estuary beluga whale.|w(CaOODSP)9.962671
795 |tLe béluga de l’estuaire du Saint-Laurent / |b[Édition 2021]|w(CaOODSP)9.899140
85640|qPDF|s1.00 Mo|uhttps://publications.gc.ca/collections/collection_2026/eccc/En78-6-2026-fra.pdf
8564 |qHTML|sS.O.|uhttps://www.canada.ca/fr/agence-eau-canada/initiatives-ecosystemes-eau-douce/fleuve-saint-laurent/publications/beluga-estuaire-saint-laurent.html